00630nam a2200169Ia 4500008004100000082001500041100003900056245011900095260003900214300001600253520001100269650001800280710002800298942001300326999001900339952010200358230907s9999||||xx |||||||||||||| ||und|| a621.3bHAM aHamza Hafeez (00000319087)9116653 0aPotential of Floating PV Power Plant Deployed on lakes for Partial Electricity Supply: A Case study of NUST Lake / aUSPCAS-E, NUST,bIslamabad :c2021 axiii, 57 p. aTH-323 aMS-ESE Thesis aDr. Adeel Waqas9118068 cTHE2ddc c602001d602001 00102ddc4070aCAS-EbCAS-Ed2021-12-16o621.3 HAMpCAS-ETH0000323r2023-09-12w2023-09-12yTHE